| 000 | 00900cam a2200277 a 4500 | ||
|---|---|---|---|
| 001 | 897457 | ||
| 003 | ARRUPE | ||
| 005 | 20150518173002.0 | ||
| 008 | 910116s1990 enka 001 0 eng d | ||
| 020 | _a0297811460 | ||
| 035 | _a(OCoLC)317789845 | ||
| 035 | _a(OCoLC)ocn317789845 | ||
| 035 | _a(CStRLIN)NYCG91-B3949 | ||
| 035 | _a(NNC)897457 | ||
| 040 |
_aNBuU _cNBuU _dNjP |
||
| 050 |
_aDT1945 _b.B88 1990 |
||
| 100 | 1 |
_aButhelezi, Gatsha Mangosuthu _917877 |
|
| 245 | 1 | 0 |
_aSouth Africa : _bmy vision of the future / _cMangosuthu G. Buthelezi. |
| 260 |
_aLondon : _bWeidenfeld and Nicolson, _cc1990. |
||
| 300 |
_a152 p., [8] p. of plates : _bill. ; _c24 cm. |
||
| 650 | 0 |
_aApartheid _zSouth Africa. _917878 |
|
| 651 | 0 |
_aSouth Africa _xPolitics and government _y1978-1989. _98521 |
|
| 651 | 0 |
_aSouth Africa _xEconomic conditions _y1961-1991. _917879 |
|
| 942 |
_2lcc _cMONOGRAPH |
||
| 999 |
_c122856 _d122856 |
||